Морис Равель и его творчество (Запис номер 50557)
[ съкратено ]
| 000 -Лидер | |
|---|---|
| Контролно поле с фиксирана дължина | 01588nam a2200421 a 4500 |
| 003 - Код на организацията, давaща контролен номер | |
| Контролно поле | BLK |
| 005 - Дата и час на последна редакция | |
| Контролно поле | 20230719115256.0 |
| 008 - Елементи от данни с фиксирана дължина | |
| fixed length control field | 180408b bul|||||r ||||||| ||bul|| |
| 010 ## - Наследен системен номер | |
| LC control number | KNG00054429000 |
| 040 ## - Източник на каталожния запис | |
| Идентификатор на билиотеката - собственик на записа | BLK |
| 041 ## - Код за език | |
| Код за езика на текст/звукозапис или на отделно заглавие | Руски |
| Код за езика КДБФ | Руски |
| 080 ## - УДК | |
| Текстов определител УДК | Музиканти-творци, композитори |
| УДК код - определител по УДК | 78.071.1 |
| УДК определител | (44)(092) |
| УДК - код + определител | 78.071.1(44)(092) |
| 080 ## - УДК | |
| УДК код - определител по УДК | 929 Равел, Морис |
| УДК - код + определител | 929 Равел, Морис |
| 100 1# - Редна дума - Автор | |
| Автор | Смирнов, Валерий Васильевич |
| Авторска отговорност | първи автор |
| R(LIN) | 275456 |
| 139 ## - Редно поле | |
| Редна дума | Смирнов, Валерий Васильевич |
| Авторски знак | Р - Р 11 |
| 245 10 - Сведения за заглавието | |
| Заглавие | Морис Равель и его творчество |
| Редно поле (дума) | Валерий Васильевич Смирнов. |
| 257 ## - Страна на издаване | |
| Страна на създаване/издаване | СССР |
| 260 ## - Област на издателските данни | |
| Име на издателя, разпространителя и проч. | Музыка |
| Година на издаване | 1981 |
| Място на издаване, разпространение и проч. | Москва |
| 300 ## - Физическа характеристика | |
| Страници | 224 с. |
| Илюстрации и др. | с ноти |
| Размери/Мащаб | 21 см |
| 380 ## - Жанр | |
| Жанр | Изкуство |
| 500 ## - Общи забележки | |
| Забележка | Библиогр. с. 214 - 216. - Именен указател |
| 600 14 - Име на лице, използвано като предмет | |
| За него / За нея | Равел, Морис |
| 9 (RLIN) | 113812 |
| 650 #4 - Допълнително описание по предмет – тема | |
| Основно описание – тема или топоним | Композитори - биографии |
| 9 (RLIN) | 246095 |
| 650 #4 - Допълнително описание по предмет – тема | |
| Основно описание – тема или топоним | Композитори, френски |
| 9 (RLIN) | 256945 |
| 650 #4 - Допълнително описание по предмет – тема | |
| Основно описание – тема или топоним | Равел, Морис |
| 9 (RLIN) | 113812 |
| 651 #4 - Допълнително описание по предмет - топоним | |
| Географско понятие | Франция |
| 9 (RLIN) | 179722 |
| 653 ## - Ключова дума – ненормативна | |
| Ключова дума | композитори |
| 653 ## - Ключова дума – ненормативна | |
| Ключова дума | биографии |
| 653 ## - Ключова дума – ненормативна | |
| Ключова дума | Франция |
| 653 ## - Ключова дума – ненормативна | |
| Ключова дума | Морис Равел |
| 852 ## - Местоположение | |
| Форматна сигнатура | Цб 125534 |
| Фондова буква | Хранилище |
| 856 4# - Електронен адрес и достъп | |
| Електронен формат | pdf - файл |
| 856 4# - Електронен адрес и достъп | |
| Електронен формат | pdf - файл |
| 942 ## - АРТИКУЛИ | |
| Вид на библиотечния материал | Книги |
| Скрит в OPAC | Не |
| Koha issues (borrowed), all copies | 1 |
| 944 ## - СЪЗДАВАНЕ И РЕДАКЦИЯ на ЗАПИСА | |
| Създаване/Редакция | Създаване |
| Дата на регистрацията/редакция | 13.06.2011 |
| Статус, дата на статуса | Русанова Ирена |
| Служител, извършил регистрацията/редакцията | 30542 |
| 944 ## - СЪЗДАВАНЕ И РЕДАКЦИЯ на ЗАПИСА | |
| Създаване/Редакция | Редакция |
| Дата на регистрацията/редакция | 19.07.2023 |
| Служител, извършил регистрацията/редакцията | ир |
| 999 ## - СИСТЕМНИ КОНТРОЛНИ НОМЕРА | |
| Koha biblionumber | 50557 |
| Koha biblioitemnumber | 50557 |
| 999 ## - СИСТЕМНИ КОНТРОЛНИ НОМЕРА | |
| Koha biblioitemnumber | 50557 |
| Код за отписване | Код за изгубен артикул | Източник на класификационната схема | Код за повреда | Коз за рестрикции | Код за отдаване | Артикулен № | Име на библиотеката - собственик | Име на библиотеката, в която се намира в момента | Статус (Текущо местоположение) | Дата на вписване в системата | Местоположение - отдел | Цена в лева | Инвентарен номер | Систематично азбучна сигнатура | Баркод | Номер на екземпляра | Цена в евро | Служебна бележка | Служебен тип на артикула |
|---|---|---|---|---|---|---|---|---|---|---|---|---|---|---|---|---|---|---|---|
| Изтеглен | Не е изгубен | Universal Decimal Classification | Не е повреден | без рестрикции | заемане за дома | 79005 | Регионална библиотека "Любен Каравелов" Русе | Регионална библиотека "Любен Каравелов" Русе | Отдел Изкуство - подръчен фонд | 1981-01-01 | Отдел Изкуство - подръчен фонд | 0.00 | 401805 | 78.071.1(092)/Р 11 | 401805 | 1 | 0.00 | N: стар фонд Дата: 01.01.1981 Дата инв: 20.06.2012 Бележки инв: * | Книги |
| Изтеглен | Не е изгубен | Universal Decimal Classification | Не е повреден | без рестрикции | заемане за дома | 79006 | Регионална библиотека "Любен Каравелов" Русе | Регионална библиотека "Любен Каравелов" Русе | Отдел Изкуство - подръчен фонд | 1981-01-01 | Отдел Изкуство - подръчен фонд | 0.00 | 401804 | 78.071.1(092)/Р 11 | 401804 | 2 | 0.00 | Дост: Pk Вид: Ф N: стар фонд Дата: 01.01.1981 Дата инв: 03.04.2017 Бележки инв: ИП2017 | Книги |
| Не е изгубен | Universal Decimal Classification | Не е повреден | без рестрикции | заемане за дома | 79007 | Регионална библиотека "Любен Каравелов" Русе | Регионална библиотека "Любен Каравелов" Русе | Отдел Изкуство - подръчен фонд | 1981-01-01 | Отдел Изкуство - подръчен фонд | 0.36 | 613448 | 78.071.1(092)/Р 11 | 120000613448 | 3 | 0.18 | Дост: Pk Вид: Ф N: стар фонд Дата: 01.01.1981 Дата инв: 03.04.2017 Бележки инв: ИП2017 | Книги |